<?xml version='1.0' encoding='UTF-8'?>
  <record xmlns="http://www.loc.gov/MARC21/slim">
    <leader>00000ctm a22000007i 4500</leader>
    <controlfield tag="001">on1393144290</controlfield>
    <controlfield tag="003">OCoLC</controlfield>
    <controlfield tag="005">20230928094744.0</controlfield>
    <controlfield tag="008">230809q16001700ir            000 0 per d</controlfield>
    <datafield tag="040" ind1=" " ind2=" ">
      <subfield code="a">QGJ</subfield>
      <subfield code="b">eng</subfield>
      <subfield code="e">rda</subfield>
      <subfield code="e">dcrmmss</subfield>
      <subfield code="c">QGJ</subfield>
      <subfield code="d">QGJ</subfield>
      <subfield code="d">OCLCO</subfield>
    </datafield>
    <datafield tag="066" ind1=" " ind2=" ">
      <subfield code="c">(3</subfield>
      <subfield code="c">(4</subfield>
      <subfield code="c">Arab</subfield>
    </datafield>
    <datafield tag="035" ind1=" " ind2=" ">
      <subfield code="a">(OCoLC)1393144290</subfield>
    </datafield>
    <datafield tag="041" ind1="0" ind2=" ">
      <subfield code="a">per</subfield>
      <subfield code="b">lat</subfield>
    </datafield>
    <datafield tag="242" ind1="1" ind2="0">
      <subfield code="a">Opuscula de alchymiâ, medicinâ et physicâ, Persice.</subfield>
      <subfield code="y">lat</subfield>
    </datafield>
    <datafield tag="242" ind1="1" ind2="0">
      <subfield code="a">Traktaten over alchemie, geneeskunde en natuurkunde.</subfield>
      <subfield code="y">dut</subfield>
    </datafield>
    <datafield tag="245" ind1="0" ind2="0">
      <subfield code="a">Treatises on alchemy, medicine and physics,</subfield>
      <subfield code="f">UBU Hs. 1472 (Hs 1 F 14).</subfield>
    </datafield>
    <datafield tag="264" ind1=" " ind2="0">
      <subfield code="a">[Iran] ;</subfield>
      <subfield code="c">[between 1600 and 1700?]</subfield>
    </datafield>
    <datafield tag="300" ind1=" " ind2=" ">
      <subfield code="a">832 pages (28 blank pages) ;</subfield>
      <subfield code="c">222 x 165 (220 x 150 mm or smaller)</subfield>
    </datafield>
    <datafield tag="336" ind1=" " ind2=" ">
      <subfield code="a">text</subfield>
      <subfield code="b">txt</subfield>
      <subfield code="2">rdacontent</subfield>
    </datafield>
    <datafield tag="337" ind1=" " ind2=" ">
      <subfield code="a">unmediated</subfield>
      <subfield code="b">n</subfield>
      <subfield code="2">rdamedia</subfield>
    </datafield>
    <datafield tag="338" ind1=" " ind2=" ">
      <subfield code="a">volume</subfield>
      <subfield code="b">nc</subfield>
      <subfield code="2">rdacarrier</subfield>
    </datafield>
    <datafield tag="340" ind1=" " ind2=" ">
      <subfield code="a">paper</subfield>
      <subfield code="2">rdamat</subfield>
    </datafield>
    <datafield tag="340" ind1=" " ind2=" ">
      <subfield code="d">handwritten</subfield>
    </datafield>
    <datafield tag="500" ind1=" " ind2=" ">
      <subfield code="a">According to Tiele and CCO Written in its entirety by Shah Ṣafī (signed on the margin of page 541).</subfield>
    </datafield>
    <datafield tag="500" ind1=" " ind2=" ">
      <subfield code="a">Title devised by cataloger.</subfield>
    </datafield>
    <datafield tag="500" ind1=" " ind2=" ">
      <subfield code="a">Contains annotations in Latin on pages 830 and 832.</subfield>
    </datafield>
    <datafield tag="500" ind1=" " ind2=" ">
      <subfield code="a">Some words written in red.</subfield>
    </datafield>
    <datafield tag="500" ind1=" " ind2=" ">
      <subfield code="a">Contains 11 Treatises: [1] pages 1-59 -- [2] pages 65-194 -- [3] pages 195-224 -- [4] pages 225-268 -- [5] pages 273-317 -- [6] pages 321-376 -- [7] pages 385-400 -- [8] pages 401-544 -- [9] pages 545-802 -- [10] pages 803-818 -- [11] pages 818-824.</subfield>
    </datafield>
    <datafield tag="505" ind1="0" ind2=" ">
      <subfield code="6">880-01</subfield>
      <subfield code="a">[1] Dar baján tarkíbát chaurdaní -- [2] Madjmu'a aç-çáni'i [adh-dhái'i] -- [3] Madjmu'a aç-çáni'i -- [4] Excerpts from the works of: Hamído d-dín Nákurí, Solaimán Hindí, Kian Juki -- [5] Abját dar Chímia -- [6] Tidjárat Schahriárí / Schahriár Pársi -- [7] Makálído l-konuz -- [8] Madjmu'a aç-çáni'i -- [9] Collection of instructions -- [10] Risála dar ma'rifat haiwánát -- [11] Precepts.</subfield>
    </datafield>
    <datafield tag="524" ind1="8" ind2=" ">
      <subfield code="a">Cite as: Universiteitsbibliotheek Utrecht Hs. 1472 (Hs 1 F 14)</subfield>
    </datafield>
    <datafield tag="561" ind1=" " ind2=" ">
      <subfield code="a">Possibly obtained by Cornelis Mutter (died between 1701 and 1704) in India (notes in his hand on page 830). Obtained by the Utrecht orientalist Jacobus Cornelis Swijghuisen Groenewoud (1784-1859). Transferred to Utrecht University Library by his widow.</subfield>
    </datafield>
    <datafield tag="563" ind1=" " ind2=" ">
      <subfield code="a">Blind-tooled leather binding over pasteboards.</subfield>
    </datafield>
    <datafield tag="581" ind1=" " ind2=" ">
      <subfield code="a">P.A. Tiele, Catalogus codicum manu scriptorum Bibliothecae Universitatis Rheno-Trajectinae. I. Trajecti ad Rhenum / Hagae Comitis 1887. p. 345-346</subfield>
    </datafield>
    <datafield tag="581" ind1=" " ind2=" ">
      <subfield code="a">Catalogus codicum Orientalium Bibliothecae Academiae Lugduno Batavae (=CCO), vol. V, 1873. p. 268-269.</subfield>
    </datafield>
    <datafield tag="650" ind1=" " ind2="0">
      <subfield code="a">Alchemy</subfield>
      <subfield code="v">Early works to 1800.</subfield>
    </datafield>
    <datafield tag="650" ind1=" " ind2="0">
      <subfield code="a">Physics</subfield>
      <subfield code="v">Early works to 1800.</subfield>
    </datafield>
    <datafield tag="650" ind1=" " ind2="0">
      <subfield code="a">Medicine</subfield>
      <subfield code="v">Early works to 1800.</subfield>
    </datafield>
    <datafield tag="650" ind1=" " ind2="6">
      <subfield code="a">Alchimie</subfield>
      <subfield code="v">Ouvrages avant 1800.</subfield>
    </datafield>
    <datafield tag="650" ind1=" " ind2="6">
      <subfield code="a">Physique</subfield>
      <subfield code="v">Ouvrages avant 1800.</subfield>
    </datafield>
    <datafield tag="650" ind1=" " ind2="6">
      <subfield code="a">Médecine</subfield>
      <subfield code="v">Ouvrages avant 1800.</subfield>
    </datafield>
    <datafield tag="700" ind1="0" ind2=" ">
      <subfield code="6">880-02</subfield>
      <subfield code="a">Shah Ṣafī,</subfield>
      <subfield code="e">scribe.</subfield>
      <subfield code="4">scr</subfield>
    </datafield>
    <datafield tag="700" ind1="1" ind2=" ">
      <subfield code="a">Mutter, Cornelis,</subfield>
      <subfield code="d">-approximately 1702,</subfield>
      <subfield code="e">former owner.</subfield>
      <subfield code="4">fmo</subfield>
    </datafield>
    <datafield tag="700" ind1="1" ind2=" ">
      <subfield code="a">Swijghuisen Groenewoud, Jacob Cornelis,</subfield>
      <subfield code="d">1784-1859,</subfield>
      <subfield code="e">former owner.</subfield>
      <subfield code="4">fmo</subfield>
    </datafield>
    <datafield tag="710" ind1="2" ind2=" ">
      <subfield code="a">Universiteit Utrecht.</subfield>
      <subfield code="b">Bibliotheek.</subfield>
      <subfield code="k">Manuscript</subfield>
      <subfield code="n">Hs. 1472 (Hs 1 F 14)</subfield>
    </datafield>
    <datafield tag="880" ind1="0" ind2=" ">
      <subfield code="6">505-01/Arab/r</subfield>
      <subfield code="a">[۱] در بیان ترکیبات خوردنی -- [۲] ماجموعه الصانع [الضایع] -- [۳] ماجموعه الصانع -- [۴] Excerpts of the works of: حمید الدین ناکوری, سلیمان هندی, کیان جوکی -- [۵] ابیات در کیمیا -- [۶] تجارت شهریاری / شهریار بن همزة پارسی -- [۷] مقالید الکنوز -- [۸] ماجموعه الصانع [از صانع] -- [۹] Collection of instructions -- [۱۰] رسالة در معرفت حیوانات -- [۱۱] Precepts.</subfield>
    </datafield>
    <datafield tag="880" ind1="0" ind2=" ">
      <subfield code="6">700-02/(3/r</subfield>
      <subfield code="a">شاه صفی</subfield>
    </datafield>
  </record>